| 000 | 00723nam a22002537a 4500 | ||
|---|---|---|---|
| 008 | 131110b xxu||||| |||| 00| 0 eng d | ||
| 020 | _a81-7473-090-7 | ||
| 024 | _cAvaialable | ||
| 037 | _cAvaialable | ||
| 040 |
_aMBSTU LIBRARY _dMBSTU LIBRARY |
||
| 082 |
_222 _a150 FEI |
||
| 100 | _aFernald, L Dodge. | ||
| 245 | _aIntroduction to psychology. | ||
| 250 | _a5th | ||
| 260 |
_a Delhi _bA.I.T.B.S. Pub. & Distribors. _c2003 |
||
| 300 |
_a28 cm. _b643 page _f1 _g28 cm. |
||
| 600 | _2Psychology. | ||
| 650 | _2Psychology. | ||
| 700 | _aChaturvedi, D.D. | ||
| 270 |
_a Delhi _b Delhi _dIndia |
||
| 365 |
_b420.00 _d420.00 |
||
| 942 |
_2ddc _cBK |
||
| 999 |
_c807 _d807 |
||